| 000 | 00648nam a2200205 a 4500 | ||
|---|---|---|---|
| 005 | 20210223120951.0 | ||
| 008 | 991125s1990 mx 000 0 spa u | ||
| 035 | _aUPN01000009841 | ||
| 049 | _aCG | ||
| 050 | 4 |
_aHF5548.4 L6 _bL4.2 |
|
| 100 | 1 | _aLeBlond, Geoffrey T. | |
| 245 | 1 | 0 |
_aCómo usar Lotus 1-2-3 / _cGeoffrey T. LeBlond, Douglas Ford Cobb. |
| 260 |
_aMéxico : _bMacrobit, _c1990. |
||
| 300 | _av. | ||
| 590 | _a(También localizas un ejemplar en el "Area de Reserva") | ||
| 590 | _aBibliografía Básica (BGTQ) | ||
| 650 | 4 |
_aLOTUS 1-2-3 (PROGRAMA PARA COMPUTADORA) _910705 |
|
| 700 | 1 |
_aCobb, Douglas Ford, _ecoaut. |
|
| 905 | _aLibro | ||
| 999 |
_c9841 _d9841 |
||